ធ្វើបុណ្យទាន់ខែភ្លី : (Record no. 8519)

MARC details
000 -LEADER
fixed length control field 02062nam a22003017a 4500
001 - CONTROL NUMBER
control field 8519
003 - CONTROL NUMBER IDENTIFIER
control field FISKH
005 - DATE AND TIME OF LATEST TRANSACTION
control field 20250917111509.0
008 - FIXED-LENGTH DATA ELEMENTS--GENERAL INFORMATION
fixed length control field 250917b cb ||||| |||| 00| 0 eng d
020 ## - INTERNATIONAL STANDARD BOOK NUMBER
International Standard Book Number 9789996301728
040 ## - CATALOGING SOURCE
Original cataloging agency FISKH
Language of cataloging khr
Transcribing agency FISKH
Modifying agency FISKH
050 ## - LIBRARY OF CONGRESS CALL NUMBER
Classification number PZ7
100 ## - MAIN ENTRY--PERSONAL NAME
Personal name Son, Ven
245 ## - TITLE STATEMENT
Title ធ្វើបុណ្យទាន់ខែភ្លី :
Statement of responsibility, etc. Grateful acts to be made to parents when they are still alive /
260 ## - PUBLICATION, DISTRIBUTION, ETC.
Place of publication, distribution, etc. Phnom Penh :
Name of publisher, distributor, etc. Reading Books ,
Date of publication, distribution, etc. 2012.
300 ## - PHYSICAL DESCRIPTION
Extent 24 pages :
Other physical details color illustrations ;
Dimensions 25 cm .
490 ## - SERIES STATEMENT
Series statement ពិភពរឿងនិទាន
505 ## - FORMATTED CONTENTS NOTE
Formatted contents note M <br/>
520 ## - SUMMARY, ETC.
Summary, etc. ធ្វើបុណ្យទាន់ខែភ្លឺ មានន័យថា ធ្វើបុណ្យជូន បុព្វការី មានឪពុកម្ដាយ ជីដូនជីតា គ្រូបាធ្យាយ ជាដើម ទាន់លោកនៅមានជីវិតរស់ កុំចាំដល់គាត់ស្លាប់ទៅ ទើបធ្វើបុណ្យឧទ្ទិស (បុណ្យខែងងឹត) ឱ្យគាត់ ដ្បិតយើងមិនអាចដឹងច្បាស់ថា ពួកគាត់ពិតជាទទួលបានឬអត់ទេ។
520 ## - SUMMARY, ETC.
Summary, etc. ឌoing merit while the month is still bright" (ធ្វើបុណ្យទាន់ខែភ្លឺ) means making offerings or showing gratitude to one’s parents, grandparents, teachers, and benefactors while they are still alive — rather than waiting until after they pass away to dedicate merit to them (which is called dark-month merit or posthumous merit).
521 8# - TARGET AUDIENCE NOTE
Target audience note 550 <br/>
Source Lexile estimate <br/>
521 8# - TARGET AUDIENCE NOTE
Target audience note M <br/>
Source Raz-Plus <br/>
650 ## - SUBJECT ADDED ENTRY--TOPICAL TERM
Topical term or geographic name entry element ធ្វើបុណ្យទាន់ខែភ្លឺ
Form subdivision រឿងនិទានកុមារ
650 ## - SUBJECT ADDED ENTRY--TOPICAL TERM
Topical term or geographic name entry element Grateful acts to be made to parents when they are still alive
Form subdivision Children's stories
700 ## - ADDED ENTRY--PERSONAL NAME
Personal name Saren, Koam
Relator term Illustrator
942 ## - ADDED ENTRY ELEMENTS (KOHA)
Source of classification or shelving scheme Dewey Decimal Classification
Koha item type Khmer Books
Suppress in OPAC No
Holdings
Withdrawn status Lost status Source of classification or shelving scheme Damaged status Not for loan Collection Home library Current library Shelving location Date acquired Total Checkouts Full call number Barcode Date last seen Copy number Price effective from Koha item type
    Dewey Decimal Classification     Khmer-English Bilingual / ភាសាខ្មែរ-អង់គ្លេស Footprints International School Library Network Toul Tom Poung Campus Footprints International School Library Network Toul Tom Poung Campus TTP Primary Khmer Bookshelves 09/17/2025   SON PZ7 FIS04981 09/17/2025 1 09/17/2025 Khmer Books
    Dewey Decimal Classification     Khmer-English Bilingual / ភាសាខ្មែរ-អង់គ្លេស Footprints International School Library Network Toul Tom Poung Campus Footprints International School Library Network Toul Tom Poung Campus TTP Primary Khmer Bookshelves 04/09/2026   SON PZ7 2026-0493 04/09/2026 2 04/09/2026 Khmer Books